000
00299nam a2200109Ia 4500
008
220204s9999 xx 000 0 und d
082
_a
077
_b
GOT
100
_a
Gotlop, Philip
245
0
_a
Thames and Hudson manual of professional photogaphy
260
_a
London
_b
Thames and Hudson
_c
1973
942
_c
BK
999
_c
25766
_d
25766